header

Growing up with parents who have learning difficulties (Record no. 225446)

MARC details
000 -LEADER
fixed length control field 01329nam a2200349 a 4500
082 04 - DEWEY DECIMAL CLASSIFICATION NUMBER
Classification number 306.874
100 1# - MAIN ENTRY--AUTHOR NAME
Personal name Booth, Timothy A.,
245 10 - TITLE STATEMENT
Title Growing up with parents who have learning difficulties
260 ## - PUBLICATION, DISTRIBUTION, ETC. (IMPRINT)
Place of publication London :
-- New York :
Name of publisher Routledge,
Year of publication 1998.
300 ## - PHYSICAL DESCRIPTION
Number of Pages x, 222 p.
650 #0 - SUBJECT ADDED ENTRY--TOPICAL TERM
Topical Term Parenting.
Topical Term Learning disabled.
Topical Term Parents with disabilities.
Topical Term Children of parents with disabilities.
700 1# - ADDED ENTRY--PERSONAL NAME
Personal name Booth, Wendy,
856 40 - ELECTRONIC LOCATION AND ACCESS
Uniform Resource Identifier http://site.ebrary.com/lib/rucke/Doc?id=2004104

No items available.

© 2026 Rongo University
Contact us: librarian | system librarian | Rongo university